LIBRARY ONLINE CATALOGUE

Marketing for cultural organisations : (Record no. 5972)

MARC details
000 -LEADER
fixed length control field 00760cam a22002292 4500
001 - CONTROL NUMBER
control field 0000002687
005 - DATE AND TIME OF LATEST TRANSACTION
control field 20151217151902.0
008 - FIXED-LENGTH DATA ELEMENTS--GENERAL INFORMATION
fixed length control field 070418s xx 000 0 eng d
020 ## - INTERNATIONAL STANDARD BOOK NUMBER
International Standard Book Number 1844802132 :
Terms of availability KES 5,219
040 ## - CATALOGING SOURCE
Original cataloging agency KABU
Transcribing agency KABU
050 #0 - LIBRARY OF CONGRESS CALL NUMBER
Classification number PN1590
Item number .M27K65 2005
100 1# - MAIN ENTRY--PERSONAL NAME
Personal name Kolb, Bonita M.
-- 0000152165
245 10 - TITLE STATEMENT
Title Marketing for cultural organisations :
Remainder of title new strategies for attracting audience to classical music, dance museums, theatre and opera.
250 ## - EDITION STATEMENT
Edition statement 2nd ed.
260 ## - PUBLICATION, DISTRIBUTION, ETC. (IMPRINT)
Place of publication, distribution, etc. London :
Name of publisher, distributor, etc. Thomson,
Date of publication, distribution, etc. 2005.
300 ## - PHYSICAL DESCRIPTION
Extent x, 233 p.
650 #0 - SUBJECT ADDED ENTRY--TOPICAL TERM
Topical term or geographic name as entry element Performance
General subdivision Art
-- marketing.
-- 0000152166
650 #0 - SUBJECT ADDED ENTRY--TOPICAL TERM
Topical term or geographic name as entry element Museums
General subdivision marketing.
-- 0000152167
908 ## - PUT COMMAND PARAMETER (RLIN)
Put command parameter 070418
950 ## - LOCAL HOLDINGS (RLIN)
-- 1
Holdings
Withdrawn status Lost status Source of classification or shelving scheme Not for loan Home library Current library Date acquired Total Checkouts Full call number Barcode Date last seen Date last checked out Price effective from Koha item type
    Library of Congress Classification   Kabarak, Main Campus Kabarak, Main Campus 17/12/2015 1 PN1590 .M27K65 2005 008385 10/02/2022 18/01/2022 17/12/2015 General Collection